000 02014nam0a2200397 4500
001 RU\NLR\bibl\411883
005 20250622171305.0
010 _a5-7487-0688-1
_9100
021 _aRU
_b2003-21100
_9978
035 _a(NLR Aleph) 000405938
090 _a604669
_c604669
100 _a20030606d2003 |||y0rusy50 ca
101 0 _arus
_afre
102 _aRU
105 _ay |||||||||
200 1 _aПрофессионально-ориентированное общение на французском языке по специальности "Социальная работа"
_dCommunication dans le domaine du travail social
_eУчеб. пособие для студентов мед. вузов
_fЛ. А. Ермолатий
_gМ-во здравоохранения Рос. Федерации, Гос. образоват. учреждение "Всерос. учеб.-науч.-метод. центр по непрерыв. мед. и фармац. образованию", Курс. гос. мед. ун-т
_zfre
210 _aКурск
_cИзд-во КГМУ
_d2003
215 _a69 с.
_d20
300 _aАвт. также на фр. яз.: L. A. Ermolaty
300 _aФр., рус.
510 1 _6z33790
_aCommunication dans le domaine du travail social / L. A. Ermolaty
_zfre
606 0 _aФранцузский язык
_jУчебные издания для высших учебных заведений
_91524672
_3RU\NLR\auth\66964829
610 0 _aФранцузский язык
610 0 _aСоциальная работа - Хрестоматии на иностранных языках
675 _a811.133.1(075.8)
_v3
_zrus
686 _a16.41
_2rugasnti
686 _a812Фр-923
_2rubbk
686 _aШ147.11-93рус329.1
700 1 _aЕрмолатий
_bЛ. А.
_4070
790 1 _6z33510
_aErmolaty
_bL. A.
_4070
801 0 _aRU
_bRKP
_c20030606
_gPSBO
801 1 _aRU
_bRKP
_c20030606
801 2 _aRU
_bNLR
_c20030724
_grcr
942 _cBOOK
980 _aNB